| 000 | 00497nam a22001697a 4500 | ||
|---|---|---|---|
| 005 | 2012020303323.0 | ||
| 008 | 120203t xxu||||| |||| 00| 0 eng d | ||
| 020 |
_a0074604015 _c00.00 |
||
| 035 | _aB-30145 | ||
| 040 |
_aDPL _bENG |
||
| 100 |
_aBalagurusamy, E. _940692 |
||
| 245 |
_aProgramming in ANSI C / _cby E. Balagurusamy |
||
| 250 | _a2nd ed. | ||
| 260 |
_aNew Delhi _bTata McGraw-Hill Publishing _c2001 |
||
| 300 |
_axi, 411p. _c22 cms. |
||
| 942 |
_2ddc _cEN _h005.1 _mBAL |
||
| 999 |
_c61895 _d61895 |
||